Les numéros de départements divisibles par 8 - Statistiques

Statistiques générales
  • Ce quiz a été pris 35 fois
  • Le résultat moyen est 9 sur 10
Statistiques - réponses
Numéro Réponse % Correct
72 Sarthe
96%
16 Charente
89%
32 Gers
89%
56 Morbihan
89%
88 Vosges
89%
08 Ardennes
86%
40 Landes
86%
80 Somme
86%
24 Dordogne
82%
48 Lozère
71%
Aucun quiz correspondant
Distribution des résultats
% des personnes avec chaque résultat
Percentile par nombre de réponses
Votre historique - résultats
Vous n’avez pas pris ce quiz